00365nam a2200145Ia 45000030006000000080041000060400015000471000023000622450030000852500006001152600061001213000006001825460014001880050017002020STCL150530s9999 xx 000 0 und d aSTCLcSTCL aKrishna Chaithanya aRoman sahithya charithram a1 bSahithya Pravarthaka Co Operative Society ; Kottayc1961 a0 aMalayalam20220125171801.0